Quiz - curiosités d'architecture - définitions - Statistiques

Statistiques générales
  • Ce quiz a été pris 134 fois
  • Le résultat moyen est 3 sur 11
Statistiques - réponses
Définition Mot % Correct
Peintures murales réalisées en appliquant des pigments directement sur le plâtre frais, souvent utilisées pour décorer les intérieurs des églises et des palais médiévaux. Fresque
72%
Escalier de forme hélicoïdale Escalier en colimaçon
63%
Structure en forme d'arc qui soutient le toit ou le plafond d'un bâtiment Voûte
62%
Élément d'ossature particulier à l'architecture gothique servant à contre-buter la poussée latérale des voûtes à croisée d'ogives et les achemine vers le pilier de culée ou contrefort, sur les cathédrales notamment Arc-Boutant
33%
Baie verticale placée en saillie sur la pente d’une toiture pour éclairer et aérer le comble ou pour y accéder Lucarne
33%
Rue très étroite, à la différence d'une ruelle qui est une rue (juste) étroite Venelle
14%
Élément du mobilier urbain de forme cylindrique servant principalement de support à la promotion des spectacles et des films. L'espace qu'elle abrite en son sein est parfois utilisé pour entreposer le matériel de nettoyage de la voirie, abriter des toilettes ou des téléphones publics. Colonne Morris
10%
Galerie formant un encorbellement, soit en position mitoyenne ou en couronnement d'une enceinte militaire (tour, courtine, rempart, etc.) et dont le plancher ajouré permettait, si besoin, de lancer divers projectiles au pied du mur, zone souvent vulnérable Mâchicoulis
8%
Poutre horizontale soutenant une structure supérieure, souvent décorée de sculptures ou de bas-reliefs. Architrave
6%
Allée (ruelle bordée d'arbres) qui mène à l’entrée d’un château ou d’une grande propriété. Drève
2%
Fenêtre rectangulaire sur sa partie inférieure, mais arrondie sur sa partie supérieure Fenêtre Cintrée
2%
Aucun quiz correspondant
Distribution des résultats
% des personnes avec chaque résultat
Percentile par nombre de réponses
Votre historique - résultats
Vous n’avez pas pris ce quiz